000 00830nam a22002417a 4500
003 OSt
005 20260530113917.0
008 260508b2002 xxua|||| |||| 00| 0 eng d
020 _a1584710659
040 _aICI
_bspa
_cICI
050 _aHF5823
_b.P65 2001
245 0 0 _aPoint-of-purchase design annual.
300 _a175 páginas :
_bilustraciones a color ;
500 _aAnuario de proyectos y tendencias en diseño para puntos de venta y exhibición comercial.
504 _aIncluye referencias e índices visuales.
650 0 _aPublicidad en el punto de venta.
_934264
650 0 _aDiseño comercial.
_934265
650 0 _aMerchandising visual.
_934266
650 0 _aEscaparates
_xDiseño.
_934267
650 0 _aMarketing visual.
_934268
650 0 _aExposición de productos
_xTécnicas.
_934269
942 _2lcc
_cBK
_n1
999 _c12337
_d12337